000 00344 a2200157 4500
001 50582
020 _a8532235484
040 _cAnchieta - Bela Vista
100 _aToledo, Marilia
240 1 0 _aDidática de matemática
_lpor
245 1 0 _aDidática de matemática
300 _a335
362 0 _a1997
650 4 _aEducação
942 _cBK
999 _c50582
_d50582